La herencia de Persia

Uloženo v:
Podrobná bibliografie
Hlavní autor: Frye, Richard N (Autor)
Médium: Kniha
Jazyk:španělština
Vydáno: Madrid Guadarrama 1965
Témata:
Tagy: Přidat tag
Žádné tagy, Buďte první, kdo vytvoří štítek k tomuto záznamu!

MARC

LEADER 00000nam a2200000 a 4500
001 UCX1091
003 CL-VaPUC
008 900604e19650000SP |||||||||||||||||spa|d
082 0 4 |a 935  |b FRY  |2 21 
100 0 |a Frye, Richard N  |e author  |9 316500 
245 1 3 |a La herencia de Persia 
300 |a 376 p 
942 |c BK 
945 |d 19900604 00:00:00 
260 |a Madrid  |b Guadarrama  |c 1965 
651 7 |a PERSIA  |2 CL-VaPUC  |9 316501 
583 |a last modification  |c 19900604 00:00:00  |k Rodrigo Vera 
999 |c 222419  |d 222417 
952 |0 0  |1 0  |4 0  |6 935_000000000000000_FRY_1965  |7 0  |8 A  |9 217119  |a BIBHIS  |b BIBHIS  |d 2019-11-15  |i 2860813  |l 1  |o 935 FRY 1965  |p 2860813  |r 2025-01-20  |s 2023-12-11  |w 2019-11-15  |y BK  |k HIS